The Northern elements progressive union and the politics of radical nationalism in Nigeria, 1938-1960
Salvato in:
| Autore principale: | |
|---|---|
| Natura: | Libro |
| Lingua: | inglese |
| Pubblicazione: |
The Abdullahi Smith Centre for Historical Research
2007
|
| Tags: |
Aggiungi Tag
Nessun Tag, puoi essere il primo ad aggiungerne!!
|
MARC
| LEADER | 00000nam a22000007a 4500 | ||
|---|---|---|---|
| 008 | 210125b ||||| |||| 00| 0 eng d | ||
| 020 | |a 978-2557-32-11 | ||
| 100 | |a ABBA, Alkasum | ||
| 245 | |a The Northern elements progressive union and the politics of radical nationalism in Nigeria, 1938-1960 |c Alkasum Abba |g vii, 305p | ||
| 260 | |b The Abdullahi Smith Centre for Historical Research |c 2007 |h Zaria, Nigeria |i 659777 |l DT515.9 .N6Ab1 |m Northern Elements Progressive Union - Nigeria. |m Nigeria - Politics and government - to 1960. |m Political parties - Nigeria. | ||
| 942 | |a lcc |c BK |e Ogunmilade F.T. |f 25/1/2021 | ||
| 952 | |0 0 |1 0 |2 lcc |4 0 |6 DT05159 N6 A B1 |7 0 |9 1778 |a HOL |b HOL |c AF |d 2021-01-25 |l 0 |o DT515.9 .N6Ab1 |p 2021-0555 |r 2021-01-25 00:00:00 |w 2021-01-25 |y BK | ||
| 999 | |c 937 |d 937 | ||